Conversaciones sobre economía

Gardado en:
Detalles Bibliográficos
Autor Corporativo: Escuela de Negocios de la Fundación Adolfo Ibáñez (Author)
Formato: Libro
Idioma:Lingua castelá
Publicado: Santiago Gabriela Mistral 1974
Subjects:
Tags: Engadir etiqueta
Sen Etiquetas, Sexa o primeiro en etiquetar este rexistro!

MARC

LEADER 00000nam a2200000 a 4500
001 UCY7721
003 CL-VaPUC
008 950616e19740100CL |||||||||||||||||spa|d
082 0 4 |a 330  |b ESC  |2 21 
110 2 |a Escuela de Negocios de la Fundación Adolfo Ibáñez  |e author  |9 338435 
245 1 0 |a Conversaciones sobre economía 
300 |a 75 p 
942 |c BK 
945 |d 19950616 00:00:00  |a lriquelm 
260 |a Santiago  |b Gabriela Mistral  |c 1974 
650 0 |a Economía   |9 255568 
650 0 |a Crecimiento económico   |9 314037 
650 0 |a Política monetaria  |9 258279 
650 7 |a PRESUPUESTO NACIONAL  |2 CL-VaPUC  |9 338436 
650 0 |a Problemas sociales  |9 258537 
650 0 |a Hacienda pública  |9 258673 
651 7 |a CHILE  |2 CL-VaPUC  |9 338437 
583 |a last modification  |c 20170824 09:14:42  |k Rodrigo Vera 
999 |c 235042  |d 235040 
952 |0 0  |1 0  |4 0  |6 330_000000000000000_ESC_1974  |7 0  |8 P  |9 242153  |a BIBEDU  |b BIBEDU  |c BIBEDU_PB  |d 2019-11-18  |i 1518178  |o 330 ESC 1974  |p 1518178  |r 2024-01-25  |w 2019-11-18  |y BK  |k EDU